| 000 | 01390nas1a22003611 4500 | ||
|---|---|---|---|
| 001 | RU\NLR\Per\600850 | ||
| 005 | 20260407165251.0 | ||
| 035 | _a(NLR Aleph) 002851942 | ||
| 090 |
_a3025529 _c3025529 |
||
| 100 | _a20251221 rusy50 | ||
| 101 | 0 | _arus | |
| 102 | _aRU | ||
| 110 | _azu||||||||| | ||
| 200 | 1 |
_aЗемляки _eлитературно-исторический альманах творческого объединения "Палитра" |
|
| 210 |
_aУльяновск _cВектор-С _d2008 - |
||
| 606 | 1 |
_aКраеведение историческое _jПериодические издания _yУльяновская область _92239738 _3RU\NLR\AUTH\661344011 |
|
| 686 | 1 | _aТ3(2Р-4Ул)я54 | |
| 686 | 2 | _aШ6(2=Р)75-999 | |
| 686 | 2 | _aШ4я53 | |
| 686 | 2 | _aШ6(2=Р)75-98 | |
| 711 | 0 | 2 |
_a"Палитра", творческое объединение _cпос. Павловка, Ульяновская обл. _3RU\NLR\AUTH\8810104777 _9709831 |
| 801 | 0 |
_aRU _bNLR _gPSBO |
|
| 801 | 1 |
_aRU _bNLR _c20090413 _2rusmarc |
|
| 801 | 2 |
_aRU _bNLR _c20090504 _2rusmarc |
|
| 852 |
_aNLR _jП34/1963 |
||
| 942 | _cSE | ||
| 980 | _aNB | ||
| 980 | _aRUSPER | ||